000 00211 a2200097 4500
001 43664
100 _aBailey
245 _aA survival kit for writing English
260 _a
_bLongmans
_c
090 _c27458
_d27458
942 _aNUST-CAE
_cM
_c19400
999 _c278737
_d278737